000 01380cam a22004454i 4500
003 PE-LiUPU
005 20250731173049.0
008 180104s2016 idu rb 000 0 eng d
020 _a9780816362486
035 _a(Sirsi) a240851
040 _aPE-LiUPU
_bspa
_cPE-LiUPU
_erda
049 _aPRUA
082 0 4 _a220.7
_bG36
_223
245 0 0 _aGenesis : Seventh-day Adventist International Bible Commentary /
_cJacques B. Doukhan, editor.
264 1 _aNampa :
_bPacific Press Publishing Association;
_c2016
300 _a534 páginas ;
_c24 centímetros.
336 _atext
_2rdacontent
337 _aunmediated
_2rdamedia
338 _avolume
_2rdacarrier
490 0 _aSeventh-day Adventist international bible commentary ;
_v1
504 _aBibliografía : páginas 527-534.
505 0 _aAdam and Eve in eden -- Seth-Noah-Shem -- Abraham -- Isaac-Jacob-Joseph -- The people of israel.
526 _aSEG42
526 _aSEG41
526 _aSEG40
526 _aSEG39
526 _aP94
526 _aP87
526 _aP86
526 _aP85
526 _aP77
526 _aP76
526 _aP35
630 1 4 _aBiblia.
_pGénesis
_xComentarios.
700 1 _aDoukhan, Jacques,
_eeditor
910 _adbm
942 _2ddc
_cBK
999 _c26545
_d26545
980 _81
_gALBERTO SANCHEZ Responsable de Automatización